[Event "ROM-chT Rapid"]
[Site "Sebes"]
[Date "2023.12.02"]
[Round "3.21"]
[White "Stegaroiu, Marcel Florian"]
[Black "Negrean, Andrei"]
[Result "0-1"]
[WhiteElo "1849"]
[BlackElo "1988"]
[PlyCount "96"]
[EventDate "2023.12.02"]
[EventType "team-swiss (rapid)"]
[EventRounds "8"]
[EventCountry "ROU"]
[SourceTitle "CB49_2023"]
[SourceDate "2023.12.06"]
[SourceVersion "1"]
[SourceVersionDate "2023.12.06"]
[SourceQuality "1"]
[WhiteTeam "Craiova"]
[BlackTeam "Central de Sah Club"]
[WhiteTeamCountry "ROU"]
[BlackTeamCountry "ROU"]

1. b4 e5 2. Bb2 Bxb4 3. Bxe5 Nf6 4. Nf3 0-0 5. e3 d5 6. Bb2 c5 7. Be2 Nc6 8. 0-0 Bf5 9. d4 c4 10. Ne5 Re8 11. Nxc6 bxc6 12. Bc3 a5 13. a3 Bd6 14. Nd2 Qe7 15. Qc1 h5 16. Nf3 Ne4 17. Be1 h4 18. Nd2 h3 19. g3 Nxd2 20. Bxd2 Qe4 21. f3 Qxc2 22. e4 Qxc1 23. Rfxc1 Be6 24. e5 Bf8 25. Bc3 Reb8 26. Bd1 a4 27. Bc2 g6 28. Kf2 Bf5 29. Bd1 Bd3 30. f4 c5 31. g4 cxd4 32. Bxd4 Rb3 33. Bxb3 axb3 34. a4 Rb8 35. Rab1 Bxb1 36. Rxb1 Ra8 37. f5 Rxa4 38. fxg6 fxg6 39. e6 Ra2+ 40. Kf3 Rxh2 41. Bf6 Bc5 42. Kf4 Re2 43. Be5 h2 44. Ra1 Re4+ 45. Kg5 Rxe5+ 46. Kxg6 Rxe6+ 47. Kf5 Re8 48. g5 Bg1 0-1